University Home | Library Home | Institutional Repository

L'evolution des institutions de prevoyance en matiere de pensions de retraite et de survie au Congo belge et au Ruanda-Urundi. (Record no. 165505)

MARC details
000 -LEADER
fixed length control field 01343cam1a220022900 4500
001 - CONTROL NUMBER
control field tmp15223783
003 - CONTROL NUMBER IDENTIFIER
control field UPRA
005 - DATE AND TIME OF LATEST TRANSACTION
control field 20190826103225.0
008 - FIXED-LENGTH DATA ELEMENTS--GENERAL INFORMATION
fixed length control field 950718s1955 be fre u
035 ## - SYSTEM CONTROL NUMBER
System control number (Sirsi) r105018
035 ## - SYSTEM CONTROL NUMBER
System control number (UPRA)tmp15223783
040 ## - CATALOGING SOURCE
Transcribing agency UPRA
100 1# - MAIN ENTRY--PERSONAL NAME
Personal name Dory, E.
Linkage A62008.1
245 12 - TITLE STATEMENT
Title L'evolution des institutions de prevoyance en matiere de pensions de retraite et de survie au Congo belge et au Ruanda-Urundi.
260 ## - PUBLICATION, DISTRIBUTION, ETC.
Place of publication, distribution, etc. Bruxelles,
Date of publication, distribution, etc. 1955.
490 1# - SERIES STATEMENT
Series statement Academie Royale des Sciences d'outre-mer. Classe des Sciences Morales et Politiques. Memoires in-8 . Nouv. ser. ;
Volume/sequential designation t. 5, fasc. 1
650 #0 - SUBJECT ADDED ENTRY--TOPICAL TERM
Topical term or geographic name entry element Pensions -- Zaire.
Geographic subdivision Pensions -- Zaire.
Linkage S48300.1
650 #0 - SUBJECT ADDED ENTRY--TOPICAL TERM
Topical term or geographic name entry element Pensions -- Ruanda-Urundi.
Geographic subdivision Pensions -- Ruanda-Urundi.
Linkage S48301.1
810 2# - SERIES ADDED ENTRY--CORPORATE NAME
Corporate name or jurisdiction name as entry element Academie royale des sciences d'outre-mer. Classe des sciences morales et politiques. Memoires in-8 . Nouv. ser ;
Subordinate unit Academie royale des sciences d'outre-mer. Classe des sciences morales et politiques. Memoires in-8 . Nouv. ser ;
Title of a work Academie royale des sciences d'outre-mer. Classe des sciences morales et politiques. Memoires in-8 . Nouv. ser ;
Name of part/section of a work Academie royale des sciences d'outre-mer. Classe des sciences morales et politiques. Memoires in-8 . Nouv. ser ;
Volume/sequential designation t. 5, fasc. 1
Linkage S9893.2
949 ## - LOCAL PROCESSING INFORMATION (OCLC)
a DT1.A2
w lcc
i -149200
m MAIN
t BOOK
l ON-SHELF

No items available.

© 2026 - The University of Zambia Library - Koha v25.11